00983nam a22001695i 4500001000700000003000900007005001700016008004100033040002600074100006200100245033000162260008800492300002100580650003100601710006300632852011800695166768ES-MaACL20250825231623.0981002s1876 sp |||| | spa d aCLM bspa cCCPB | 3D0 aLaurencín, Francisco Rafael de Uhagón cMarqués de.10aMemoria laureada con el accésit por la Real Academia de Ciencias Morales y Políticas en el concurso ordinario de 1873 sobre la influencia que la acumulacion ó división excesiva de la propiedad territorial ejercen en la prosperidad ó decadencia de la agricultura en España / cpor Francisco de Uhagon y Guardamino. aMadrid : bImprenta y Librería de Eduardo Martinez (sucesor de Escribano),c1876. a94 p. ; c25 cm. 7aPropiedad rústica2embne2 aReal Academia de Ciencias Morales y Políticas (España) aES-MaACLjF-M-III-O (III) z-- Enc. pasta española q-- Falto de la cub. original z-- Enc. en un vol. facticio